| 000 | 01048nam a22003377a 4500 | ||
|---|---|---|---|
| 003 | CHAP | ||
| 005 | 20220329133751.0 | ||
| 008 | 971013s1956 r 00010 d | ||
| 010 | _a10584 | ||
| 011 | _a11556 | ||
| 035 | _a10795 | ||
| 040 | _cCHAP | ||
| 082 | 0 | 0 |
_a637.1 _bE24 1956 |
| 100 | 0 | 0 |
_aEckles, Clarence Henry. _935111 |
| 245 | 1 | 0 |
_aDairy cattle and milk production _c/ por Clarence Henry Eckles |
| 250 | _a5 ed. | ||
| 260 | _c1956 | ||
| 300 |
_a587 p. : _bilus. |
||
| 590 |
_aBATCH-UPD _b10 _c20130110 _lUCH01 _h0107 |
||
| 590 |
_aBATCH-UPD _b10 _c20130110 _lUCH01 _h1110 |
||
| 590 |
_aCONVERSION _b10 _c20130109 _lUCH01 _h1307 |
||
| 650 | 1 | 4 |
_aGanado lechero. _945237 |
| 650 | 1 | 4 |
_aIndustria lechera. _957819 |
| 650 | 1 | 4 |
_aLeche. _965357 |
| 700 | 0 |
_aAnthony, Ernest Lee. _96040 |
|
| 901 | _aBK | ||
| 942 | _cLIBRO | ||
| 949 |
_a637.1 E24 1956 _bBC _cBPA _d-22705 _eBPA _h24717 _i10795 _si |
||
| 949 |
_a637.1 E24 1956 _bBC _cBPA _d-22706 _eBPA _fc.2 _h24718 _i10795 _si |
||
| 949 |
_a637.1 E24 1956 _bBC _cBPA _d-22707 _eBPA _fc.3 _h24719 _i10795 _si |
||
| 999 |
_c10584 _d10584 |
||